000 00455nac a22001331u 4500
008 080914s1998 xxu||||| |||| 00| 0 ara d
020 _a9770904333
082 _a320.962
_bف ق ى
245 _aليالي الفكر في فيينا /
_cمصطفي الفقي
260 _aالقاهرة :
_bدار الشروق ،1998
_c1998.
300 _a173 ص ؛
_c25 سم.
651 _921463
_aمصر
_xالسياسة والحكومة
942 _cBB
_k320.962 ف ق ى
_2ddc
999 _c3758
_d3758